[Event "7 slow players (only >2200 points)"]
[Site "SchemingMind.com"]
[Date "2016.08.16"]
[Round "-"]
[White "The Stonewall"]
[Black "Helga1946"]
[Result "1/2-1/2"]
[WhiteCountry "ENG"]
[BlackCountry "GER"]
[WhiteElo "2279"]
[WhiteRD "80"]
[BlackElo "2207"]
[BlackRD "72"]
[GameID "402488"]

1. d4 c6 2. Bg5 Qb6 3. b3 h6 4. Bf4 d6 5. Nc3 Nf6 6. Nf3 g5 7. Bg3 Be6 8. e3 Bg7 9. Bd3 Nbd7 10. O-O Nh5
11. Qd2 Nxg3 12. fxg3 O-O-O 13. a4 a5 14. Rab1 Qb4 15. Be2 f5 16. Ne1 h5 17. Nd3 Qb6 18. b4 h4 19. bxa5 Qxa5 20. gxh4 Rxh4
21. Ne4 Qxd2 22. Nxd2 Rdh8 23. h3 Bh6 24. Kf2 Nf6 25. a5 g4 26. hxg4 Nxg4+ 27. Bxg4 Rxg4 28. Rh1 Kc7 29. Nf4 Bg8 30. Nf3 Bg7
31. Rxh8 Bxh8 32. Rh1 Bf6 33. Rh5 Kd7 34. c3 e6 35. Rh6 Bg7 36. Rh5 Bf8 37. Rh8 Be7 38. c4 Bf6 39. Rh6 Bg7 40. Rh5 Ke8=
1/2-1/2

[Event "7 slow players (only >2200 points)"]
[Site "SchemingMind.com"]
[Date "2016.08.16"]
[Round "-"]
[White "Helga1946"]
[Black "The Stonewall"]
[Result "1-0"]
[WhiteCountry "GER"]
[BlackCountry "ENG"]
[WhiteElo "2219"]
[WhiteRD "71"]
[BlackElo "2300"]
[BlackRD "78"]
[GameID "402489"]

1. e4 e5 2. Nf3 Nf6 3. Nxe5 d6 4. Nf3 Nxe4 5. Bb5+ c6 6. Bd3 Nc5 7. Be2 d5 8. d4 Ne4 9. Nbd2 Bf5 10. O-O Bd6
11. Nxe4 Bxe4 12. Bd3 f5 13. Ng5 Qf6 14. Be2 h6 15. Nh3 f4 16. Bh5+ Kd8 17. Re1 g6 18. Bg4 g5 19. Bd2 Qg6 20. Rc1 Kc7
21. Bh5 Qh7 22. f3 Bg6 23. Bxg6 Qxg6 24. c4 dxc4 25. Rxc4 Nd7 26. Ba5+ Nb6 27. d5 Qf5 28. Nf2 Rhd8 29. Ne4 Be7 30. Nc3 Bf6
31. Rc5 Kb8 32. Kf1 Bxc3 33. bxc3 Qf6 34. c4 Kc7 35. Qd2 Re8 36. Rb1 Qe7 37. Qb4 Kd7 38. h3 Qe2+ 39. Kg1 Qe3+ 40. Kh1 Qf2
41. dxc6+ bxc6 42. Rd1+ Kc7 43. Qb5 Re6 44. Bxb6+ axb6 45. Rxc6+ Rxc6 46. Qe5+ Kc8 47. Qf5+ Kb7 48. Rd7+ Rc7 49. Qd5+ Kb8 50. Rd8+
1-0

[Event "7 slow players (only >2200 points)"]
[Site "SchemingMind.com"]
[Date "2016.08.16"]
[Round "-"]
[White "The Stonewall"]
[Black "sbb"]
[Result "0-1"]
[WhiteCountry "ENG"]
[BlackCountry "USA"]
[WhiteElo "2300"]
[WhiteRD "83"]
[BlackElo "2458"]
[BlackRD "82"]
[GameID "402490"]

1. c4 g6 2. g3 Bg7 3. Bg2 Nc6 4. Nc3 d6 5. d3 Nf6 6. Nf3 e5 7. Rb1 O-O 8. b4 a6 9. O-O Nd4 10. Nd2 c6
11. a4 d5 12. e3 Bg4 13. f3 Bf5 14. exd4 exd4 15. Nce4 dxe4 16. fxe4 Be6 17. Nb3 Ng4 18. Qe2 Ne5 19. a5 b5 20. cxb5 Bxb3
21. Rxb3 cxb5 22. Bh3 h5 23. Rb2 Ra7 24. Bd2 Rc7 25. Rd1 Rc3 26. Be1 Qe7 27. Rbb1 Rd8 28. Bf1 Rdc8 29. Bxc3 dxc3 30. Rdc1 Nc6
31. e5 Nd4 32. Qf2 Qxe5 33. Re1 c2 34. Rbc1 Qd6 35. Bh3 f5 36. Bg2 Bh6
0-1

[Event "7 slow players (only >2200 points)"]
[Site "SchemingMind.com"]
[Date "2016.08.16"]
[Round "-"]
[White "sbb"]
[Black "The Stonewall"]
[Result "1-0"]
[WhiteCountry "USA"]
[BlackCountry "ENG"]
[WhiteElo "2465"]
[WhiteRD "84"]
[BlackElo "2276"]
[BlackRD "82"]
[GameID "402491"]

1. d4 d5 2. c4 dxc4 3. e4 e5 4. Nf3 exd4 5. Bxc4 Nc6 6. O-O Be6 7. Bb5 Bc5 8. b4 Bb6 9. a4 a6 10. Bxc6+ bxc6
11. a5 Ba7 12. Bb2 Qd6 13. Na3 Qxb4 14. Bxd4 Bxd4 15. Nxd4 Nf6 16. Nac2 Qc3 17. Ra3 Qc5 18. Qa1 O-O 19. f3 Qd6 20. Qc3 Bd7
21. Ne3 Rfe8 22. Rc1 Rad8 23. Qc5 Kf8 24. Rd3 Qxc5 25. Rxc5 Bc8 26. Rxc6 Rd7 27. Rc4 Red8 28. Nec2 Ne8 29. Rdc3 Bb7 30. Rb4 Ba8
31. Nb3 Rd3 32. Rcc4 Ke7 33. Ncd4 Rd1+ 34. Kf2 g6 35. Rc2 Rb1 36. Ra4 Rd6 37. Rac4 Rh1 38. h3 Rb1 39. Rc1 Rxc1 40. Rxc1 Kd8
41. Ke3 Kc8 42. Nc5 Bb7 43. g4 Nf6 44. Nxb7 Kxb7 45. e5 Nd5+ 46. Ke4 Rd7 47. Nb3 Rd8 48. f4 c6 49. Nc5+ Ka7 50. e6 fxe6
51. Nxe6 Rc8 52. f5 Kb7 53. Ke5 Re8 54. Kd6 gxf5 55. gxf5 Rc8 56. Rb1+
1-0

[Event "7 slow players (only >2200 points)"]
[Site "SchemingMind.com"]
[Date "2016.08.12"]
[Round "-"]
[White "Ilang"]
[Black "David Perna-Fraser"]
[Result "1-0"]
[WhiteCountry "HUN"]
[BlackCountry "CAN"]
[WhiteElo "2380"]
[WhiteRD "108"]
[BlackElo "2347"]
[BlackRD "68"]
[GameID "402492"]

1. e4 e5 2. Nf3 Nf6 3. Nxe5 d6 4. Nf3 Nxe4 5. Nc3 Nxc3 6. dxc3 Be7 7. Be3 O-O 8. Qd2 Nd7 9. O-O-O b6 10. Kb1 Bb7
11. h4 Ne5 12. Be2 Re8 13. h5 h6 14. Nd4 Bf6 15. Rhg1 Nd7 16. g4 Nc5 17. Bb5 Ne4 18. Qc1 Rf8 19. Nf5 Ng5 20. f4 Nf3
21. Rh1 a6 22. Bd3 Re8 23. Rh3 Nh4 24. Nxh4 Bxh4 25. Rg1 Bc8 26. Rh2 Qe7 27. Bd2 Bf6 28. g5 hxg5 29. fxg5 Be5 30. Re2 Bb7
31. g6 f6 32. h6 gxh6 33. g7 Qe6 34. Qf1 h5 35. Bf5 Qf7 36. Rf2 Re7 37. Qd3 Qxg7 38. Rxg7+ Kxg7 39. Bh7 Kh8 40. Bg6
1-0

[Event "7 slow players (only >2200 points)"]
[Site "SchemingMind.com"]
[Date "2016.08.12"]
[Round "-"]
[White "David Perna-Fraser"]
[Black "Ilang"]
[Result "1/2-1/2"]
[WhiteCountry "CAN"]
[BlackCountry "HUN"]
[WhiteElo "2347"]
[WhiteRD "68"]
[BlackElo "2380"]
[BlackRD "108"]
[GameID "402493"]

1. e4 e5 2. Nf3 Nc6 3. Bb5 a6 4. Ba4 Nf6 5. O-O Be7 6. Re1 b5 7. Bb3 O-O 8. h3 Bb7 9. d3 d6 10. c3 Re8
11. Ng5 Rf8 12. a4 Na5 13. Bxf7+ Rxf7 14. b4 Nc6 15. Qb3 Qe8 16. axb5 axb5 17. Rxa8 Bxa8 18. Qxf7+ Qxf7 19. Nxf7 Kxf7 20. Na3 Na7
21. f4 exf4 22. Bxf4 c5 23. Ra1 Bc6 24. Nb1 Nc8 25. bxc5 dxc5 26. Nd2 Nd7 27. d4 Bb7 28. Rf1 Ke8 29. Rc1 b4 30. cxb4 cxb4
31. Kf2 Ncb6 32. Ke3 h6 33. Rc7 Ba6 34. Ra7 Nc4+ 35. Kd3 Nce5+ 36. Ke3 Nc4+=
1/2-1/2

[Event "7 slow players (only >2200 points)"]
[Site "SchemingMind.com"]
[Date "2016.08.11"]
[Round "-"]
[White "anne"]
[Black "David Perna-Fraser"]
[Result "1/2-1/2"]
[WhiteCountry "GER"]
[BlackCountry "CAN"]
[WhiteElo "2211"]
[WhiteRD "71"]
[BlackElo "2323"]
[BlackRD "72"]
[GameID "402494"]

1. e4 e5 2. Nf3 Nf6 3. Nxe5 d6 4. Nf3 Nxe4 5. Nc3 Nf6 6. d4 Be7 7. Bd3 O-O 8. O-O d5 9. Bf4 c6 10. h3 Re8
11. Re1 Nbd7 12. Qd2 Nf8 13. Bg3 Ne6 14. Be5 Nd7 15. Bg3 Nf6 16. Be5 Nd7 17. Bh2 Nf6 18. Re2 g6 19. Rae1 b6 20. Be5 a5
21. Qe3 Nh5 22. g4 Nf6 23. a4 Bf8 24. Nd1=
1/2-1/2

[Event "7 slow players (only >2200 points)"]
[Site "SchemingMind.com"]
[Date "2016.08.11"]
[Round "-"]
[White "David Perna-Fraser"]
[Black "anne"]
[Result "1/2-1/2"]
[WhiteCountry "CAN"]
[BlackCountry "GER"]
[WhiteElo "2306"]
[WhiteRD "77"]
[BlackElo "2213"]
[BlackRD "74"]
[GameID "402495"]

1. e4 c5 2. Nf3 Nc6 3. d4 cxd4 4. Nxd4 Nf6 5. Nc3 d6 6. f3 e5 7. Nb3 Be7 8. Be3 O-O 9. Qd2 a5 10. Bb5 Be6
11. O-O-O Nb4 12. a3 Qc7 13. Kb1 d5 14. axb4 d4 15. Bxd4 exd4 16. Qxd4 axb4 17. Nd5 Bxd5 18. exd5 Rfd8 19. Qc4 Qb6 20. Rhe1 Bf8
21. Rd4 Qa7 22. Kc1 g6 23. Qd3 Rd6 24. f4 Rad8 25. Qf3 Rxd5 26. Rxd5 Rxd5 27. Bc4 Rd8=
1/2-1/2

[Event "7 slow players (only >2200 points)"]
[Site "SchemingMind.com"]
[Date "2016.08.16"]
[Round "-"]
[White "The Stonewall"]
[Black "David Perna-Fraser"]
[Result "1/2-1/2"]
[WhiteCountry "ENG"]
[BlackCountry "CAN"]
[WhiteElo "2300"]
[WhiteRD "83"]
[BlackElo "2323"]
[BlackRD "72"]
[GameID "402496"]

1. c4 e6 2. g3 Nf6 3. d4 Bb4+ 4. Nd2 O-O 5. a3 Bxd2+ 6. Bxd2 b6 7. Bg2 d5 8. cxd5 Bb7 9. Nf3 Bxd5 10. O-O Nbd7
11. Rc1 c5 12. Bf4 Rc8 13. Qa4 cxd4 14. Rxc8 Qxc8 15. Rc1 Qa8 16. Qxd4 Nc5 17. Rd1 Rc8 18. h3 Nfe4 19. Ne5 f6 20. Nd7 Nxd7
21. Bxe4 Bxe4 22. Qxd7 Bd5 23. e4 Bxe4 24. Bh6 gxh6 25. Qxe6+ Kh8=
1/2-1/2

[Event "7 slow players (only >2200 points)"]
[Site "SchemingMind.com"]
[Date "2016.08.16"]
[Round "-"]
[White "David Perna-Fraser"]
[Black "The Stonewall"]
[Result "1/2-1/2"]
[WhiteCountry "CAN"]
[BlackCountry "ENG"]
[WhiteElo "2290"]
[WhiteRD "74"]
[BlackElo "2300"]
[BlackRD "78"]
[GameID "402497"]

1. e4 e6 2. d4 d5 3. exd5 exd5 4. Nf3 Nc6 5. c3 Bd6 6. Bd3 Nge7 7. O-O Bg4 8. h3 Bh5 9. Re1 h6 10. b4 O-O
11. b5 Na5 12. Nbd2 Bg6 13. Nb3 c6 14. Rb1 Bxd3 15. Qxd3 Nc4 16. Nbd2 cxb5 17. Rxb5 Qd7 18. Qb1 Nxd2 19. Bxd2 b6 20. Ne5 Qc7
21. a4 Rfe8 22. a5 bxa5 23. Qa2 Nc8 24. Rxd5 a4 25. Re4 Rb8 26. Ra5 Nb6 27. Bf4 Kh7 28. g3 Rbc8 29. c4 Bxe5 30. dxe5 Nxc4
31. Rxa4 Nxe5 32. Rxe5 Rxe5 33. Bxe5 Qxe5 34. Qxf7 Rc7 35. Qf3 Qe1+ 36. Kh2 Rc1 37. Qf5+=
1/2-1/2

[Event "7 slow players (only >2200 points)"]
[Site "SchemingMind.com"]
[Date "2016.08.11"]
[Round "-"]
[White "DHall"]
[Black "David Perna-Fraser"]
[Result "1/2-1/2"]
[WhiteCountry "ENG"]
[BlackCountry "CAN"]
[WhiteElo "2277"]
[WhiteRD "87"]
[BlackElo "2263"]
[BlackRD "74"]
[GameID "402498"]

1. e4 e5 2. Nf3 Nf6 3. Nc3 Bb4 4. Bc4 Bxc3 5. bxc3 Nxe4 6. Nxe5 d5 7. Bb3 O-O 8. O-O a5 9. a4 Re8 10. Nd3 c5
11. c4 Nd6 12. Nb2 dxc4 13. Nxc4 Nc6 14. d3 Be6 15. Be3 b6 16. Rb1 Nxc4 17. Bxc4 Bxc4 18. dxc4 Qc7 19. Re1 Re6 20. Bd2 Rae8
21. Rxe6 Rxe6 22. h3 Qd8 23. Bf4 Nd4 24. Kh1 Qh4 25. Bc7 Qxf2 26. c3 Rg6 27. Qg1 Qxg1+ 28. Kxg1 Ne2+ 29. Kf2 Nxc3 30. Rxb6 Rxb6
31. Bxb6 Nxa4 32. Bxa5 f5 33. Ke3 Nb2 34. Ke2 Kf7 35. Bb6 Na4 36. Ba7 Ke6 37. Kd2 Kd7 38. Bb8 Nb6 39. Kd3 Kc6 40. Bf4 Nd7
41. Kd2 Nf6 42. Be5 Ne4+ 43. Kd3 g6 44. h4 Nf2+ 45. Ke3 Ng4+ 46. Kf4 Kd7 47. Bb8 Ke6 48. Ba7 Ne5 49. Kg5 Nf7+ 50. Kf4 Kd6
51. h5 Nd8 52. hxg6 hxg6 53. Kg5 Nc6 54. Bxc5+=
1/2-1/2

[Event "7 slow players (only >2200 points)"]
[Site "SchemingMind.com"]
[Date "2016.08.11"]
[Round "-"]
[White "David Perna-Fraser"]
[Black "DHall"]
[Result "1/2-1/2"]
[WhiteCountry "CAN"]
[BlackCountry "ENG"]
[WhiteElo "2290"]
[WhiteRD "74"]
[BlackElo "2279"]
[BlackRD "90"]
[GameID "402499"]

1. e4 e5 2. Nf3 Nc6 3. Bb5 a6 4. Ba4 Nf6 5. O-O Be7 6. Re1 b5 7. Bb3 d6 8. c3 O-O 9. h3 Bb7 10. d4 Re8
11. Ng5 Rf8 12. a4 h6 13. Nf3 Re8 14. Qe2 Bf8 15. d5 Na5 16. Bc2 c6 17. dxc6 Bxc6 18. Nbd2 Qc7 19. b4 Nb7 20. Bb2 Rac8
21. axb5 axb5 22. Ra6 Ra8 23. Rea1 Rxa6 24. Rxa6 Rb8 25. Ra7 Qb6 26. Ra1 Nd8 27. Nb3 Ne6 28. g3 Nc7 29. Na5 Ba8 30. Nb3 Re8
31. Nbd2 d5 32. exd5 Bxd5 33. c4 bxc4 34. Nxc4 Qxb4 35. Nfxe5 Bc5 36. Rd1 Nd7 37. Qd2 Nxe5 38. Nxe5 Qxd2 39. Rxd2 Bb4 40. Rd1 f6
41. Ba4 Rxe5 42. Bxe5 fxe5 43. Rxd5=
1/2-1/2

[Event "7 slow players (only >2200 points)"]
[Site "SchemingMind.com"]
[Date "2016.08.14"]
[Round "-"]
[White "David Perna-Fraser"]
[Black "Helga1946"]
[Result "1-0"]
[WhiteCountry "CAN"]
[BlackCountry "GER"]
[WhiteElo "2290"]
[WhiteRD "74"]
[BlackElo "2219"]
[BlackRD "71"]
[GameID "402500"]

1. e4 c5 2. Nf3 d6 3. d4 cxd4 4. Nxd4 e5 5. Bb5+ Bd7 6. Bxd7+ Qxd7 7. Nb3 Nf6 8. Nc3 Be7 9. Bg5 O-O 10. Qd3 Nc6
11. Bxf6 Nb4 12. Qd2 Bxf6 13. O-O-O Be7 14. Kb1 Rfc8 15. a3 Nc6 16. Nd5 Qe6 17. g3 Kh8 18. Nxe7 Nxe7 19. Qxd6 Qxd6 20. Rxd6 Rc7
21. Rhd1 g6 22. Rd7 Rac8 23. Nc5 Rxc5 24. Rxe7 Rxc2 25. Rxf7 R2c7 26. Rd8+ Rxd8 27. Rxc7 Rf8 28. Rxb7 a6 29. a4 Rxf2 30. b4 Rxh2
31. b5 axb5 32. a5 Rg2 33. a6 Rxg3 34. a7 Ra3 35. Rb8+ Kg7 36. a8=Q Rxa8 37. Rxa8 h5 38. Rb8 b4 39. Kc2 h4 40. Kd3
1-0

[Event "7 slow players (only >2200 points)"]
[Site "SchemingMind.com"]
[Date "2016.08.14"]
[Round "-"]
[White "Helga1946"]
[Black "David Perna-Fraser"]
[Result "1-0"]
[WhiteCountry "GER"]
[BlackCountry "CAN"]
[WhiteElo "2229"]
[WhiteRD "76"]
[BlackElo "2052"]
[BlackRD "72"]
[GameID "402501"]

1. e4 e5 2. Nf3 Nf6 3. Nxe5 d6 4. Nf3 Nxe4 5. Bb5+ c6 6. Bd3 Nf6 7. Nc3 d5 8. O-O Be7 9. Re1 O-O 10. Bf1 Bd6
11. d3 Na6 12. Bg5 Nc7 13. a4 h6 14. Bh4 Bg4 15. h3 Bh5 16. g4 Bg6 17. Nd4 Bc5 18. Nce2 Re8 19. Qd2 Ne6 20. Nxe6 fxe6
21. Bg2 e5 22. b4 Bd6 23. b5 Bc7 24. a5 a6 25. b6 Bd6 26. Ng3 Rf8 27. c4 dxc4 28. Nf5 Bxf5 29. gxf5 cxd3 30. Qxd3 Qe7
31. Bg3 Rad8 32. Rad1 Kh8 33. Qc4 e4 34. Rxd6 Rxd6 35. Qc5 Rd7 36. Qxe7 Rxe7 37. Bd6 Rfe8 38. Bxe7 Rxe7 39. Rd1 Kg8 40. Bf1 Kf8
41. Rd8+ Re8 42. Rd6 Ke7 43. Re6+ Kd7 44. Bc4 Rxe6 45. Bxe6+ Kd8 46. Kg2 Nd7 47. Kg3 Ke7 48. Kf4 Kd6 49. h4 c5 50. Kxe4 Nf6+
51. Kd3 Nd5 52. Bc8 Kc6 53. Kc4 Ne7 54. Be6 Kd6 55. Kb3 Nc6 56. Ka4 Ke5 57. Bd7 Ne7 58. f6 gxf6 59. Bh3 Kd4 60. Bg2 Nd5
61. h5 c4 62. Bf3 c3 63. Kb3
1-0

[Event "7 slow players (only >2200 points)"]
[Site "SchemingMind.com"]
[Date "2016.08.12"]
[Round "-"]
[White "David Perna-Fraser"]
[Black "sbb"]
[Result "1/2-1/2"]
[WhiteCountry "CAN"]
[BlackCountry "USA"]
[WhiteElo "2352"]
[WhiteRD "74"]
[BlackElo "2422"]
[BlackRD "84"]
[GameID "402502"]

1. e4 e5 2. Nf3 Nc6 3. Bb5 a6 4. Ba4 Nf6 5. O-O Be7 6. Re1 b5 7. Bb3 d6 8. c3 O-O 9. h3 Nb8 10. d4 Nbd7
11. a4 Bb7 12. Bc2 c5 13. d5 c4 14. Be3 Qc8 15. Na3 Nc5 16. Nd2 Qd7 17. Bxc5 dxc5 18. Nf3 Bd6 19. Qd2 Kh8 20. Qe3 Rfb8
21. Nh4 g6 22. Qg5 Ne8 23. f4 f6 24. Qh6 Kg8 25. Nf3 exf4 26. e5 fxe5 27. Nxe5 Bxe5= 28. Rxe5 Ng7 29. Rae1 Re8 30. Qxf4 Bxd5
31. Rd1 Qf7 32. Qxf7+ Bxf7 33. Rxc5 Re2 34. axb5 axb5 35. Kf1 Rae8 36. Rxb5=
1/2-1/2

[Event "7 slow players (only >2200 points)"]
[Site "SchemingMind.com"]
[Date "2016.08.12"]
[Round "-"]
[White "sbb"]
[Black "David Perna-Fraser"]
[Result "1-0"]
[WhiteCountry "USA"]
[BlackCountry "CAN"]
[WhiteElo "2422"]
[WhiteRD "84"]
[BlackElo "2352"]
[BlackRD "74"]
[GameID "402503"]

1. d4 Nf6 2. c4 e6 3. g3 Bb4+ 4. Bd2 Bxd2+ 5. Nxd2 d6 6. e3 e5 7. Ne2 O-O 8. Bg2 exd4 9. Nxd4 Qe7 10. O-O c5
11. Nb5 Nc6 12. Nc3 Bg4 13. Nd5 Nxd5 14. Qxg4 Nf6 15. Qe2 Rad8 16. Rad1 Rfe8 17. Nb1 Ne4 18. a3 a6 19. Rc1 g6 20. Rfd1 h5
21. Nc3 Nxc3 22. Rxc3 h4 23. Rcd3 hxg3 24. hxg3 Kg7 25. Qd2 Ne5 26. Rb3 Nc6 27. f4 Rh8 28. Rd3 Qe6 29. b4 cxb4 30. axb4 f6
31. Qc3 Rd7 32. Bf3 Ne7 33. g4 Rc8 34. c5 b6 35. e4 bxc5 36. bxc5 Rxc5 37. Qxc5 dxc5 38. Rxd7 Kf8 39. Rb7 Ke8 40. Kg2 g5
41. f5 Qa2+ 42. Kg3 Qa5 43. e5
1-0